Detalles MARC
| 000 -LEADER |
| fixed length control field |
02005nam a22002897a 4500 |
| 003 - CONTROL NUMBER IDENTIFIER |
| control field |
OSt |
| 005 - DATE AND TIME OF LATEST TRANSACTION |
| control field |
20250926144921.0 |
| 008 - FIXED-LENGTH DATA ELEMENTS--GENERAL INFORMATION |
| fixed length control field |
250926b |||||||| |||| 00| 0 eng d |
| 020 ## - INTERNATIONAL STANDARD BOOK NUMBER |
| International Standard Book Number |
9789585262867 |
| 037 ## - SOURCE OF ACQUISITION |
| Source of stock number/acquisition |
Donación |
| 040 ## - CATALOGING SOURCE |
| Original cataloging agency |
CO-JMCR |
| Language of cataloging |
spa |
| Transcribing agency |
CO-JMCR |
| Description conventions |
rda |
| Modifying agency |
CO-JMCR |
| 041 0# - LANGUAGE CODE |
| Language code of text/sound track or separate title |
spa |
| 082 04 - DEWEY DECIMAL CLASSIFICATION NUMBER |
| Classification number |
759.9861 |
| Item number |
G21p |
| Edition number |
21 |
| 100 1# - MAIN ENTRY--PERSONAL NAME |
| Personal name |
Garavito Silva, Gonzalo, |
| Relator term |
autor |
| Dates associated with a name |
1941 - |
| 9 (RLIN) |
44350 |
| 245 10 - TITLE STATEMENT |
| Title |
Pintores y pinturas de la independencia / |
| Statement of responsibility, etc. |
Gonzalo Garavito Silva |
| 260 ## - PUBLICATION, DISTRIBUTION, ETC. |
| Place of publication, distribution, etc. |
Bogotá : |
| Name of publisher, distributor, etc. |
Sociedad Geográfica de Colombia, |
| 264 #1 - PRODUCTION, PUBLICATION, DISTRIBUTION, MANUFACTURE, AND COPYRIGHT NOTICE |
| Date of production, publication, distribution, manufacture, or copyright notice |
©2021 |
| 300 ## - PHYSICAL DESCRIPTION |
| Extent |
152 páginas : |
| Other physical details |
ilustraciones, mapas ; |
| Dimensions |
24 cm. |
| 490 1# - SERIES STATEMENT |
| Series statement |
Exposiciones geográficas |
| Volume/sequential designation |
23 |
| 501 ## - WITH NOTE |
| With note |
Con : Prólogo |
| 504 ## - BIBLIOGRAPHY, ETC. NOTE |
| Bibliography, etc. note |
Incluye referencias bibliográficas: p. 143-148 |
| 505 2# - FORMATTED CONTENTS NOTE |
| Formatted contents note |
Prólogo -- Introducción -- Apuntes sobre conmemoraciones -- Pintura histórica del siglo XVIII y XIX -- Vientos de independencia -- Mapas con tema histórico -- Primeros representantes de la pintura con tema histórico -- Otros pintores y sus obras. |
| 520 3# - SUMMARY, ETC. |
| Summary, etc. |
Los grandes acontecimientos de la historia suelen ser descritos desde distintas ópticas: por sus protagonistas, por la prensa, por los cronistas, por los historiadores, por los analistas, e incluso, a veces, por los poetas, como ocurrió desde la época de Homero. <br/>También, a partir de la década de 1830, empezó a hacerse un registro fotográfico de muchos eventos, y desde finales de ese mismo siglo, el recuento fílmico. Pero desde nates de que se inventaran las técnicas y procedimientos para captar de forma instantánea una imagen fija o en movimiento, hubo artistas (pintores, escultores y hasta tejedores) que se esforzaron en plasmar sobre la piedra, la madera, el vidrio, el gobelino, el papel o el lienzo, las imágenes de los más significativos eventos y sus protagonistas. |
| 650 14 - SUBJECT ADDED ENTRY--TOPICAL TERM |
| Topical term or geographic name entry element |
Pintores colombianos |
| Chronological subdivision |
Siglo XVIII-XIX |
| Form subdivision |
Exposiciones. |
| Source of heading or term |
JMCR |
| 9 (RLIN) |
44351 |
| 650 24 - SUBJECT ADDED ENTRY--TOPICAL TERM |
| Topical term or geographic name entry element |
Independencia de Colombia |
| Form subdivision |
Obras de arte. |
| Source of heading or term |
JMCR |
| 9 (RLIN) |
44352 |
| 942 ## - ADDED ENTRY ELEMENTS (KOHA) |
| Source of classification or shelving scheme |
Dewey Decimal Classification |
| Koha item type |
Books |